Engineering physics

Bewaard in:
Bibliografische gegevens
Hoofdauteur: Mukherji, Uma
Formaat: Boek
Taal:Undetermined
Gepubliceerd in: Oxford, UK Alpha Science International Ltd. 2007
Onderwerpen:
Tags: Voeg label toe
Geen labels, Wees de eerste die dit record labelt!
Thư viện lưu trữ: Trung tâm Học liệu Trường Đại học Cần Thơ
LEADER 00574nam a2200193Ia 4500
001 CTU_129007
008 210402s9999 xx 000 0 und d
020 |c 1081000 
082 |a 530 
082 |b M953 
100 |a Mukherji, Uma 
245 0 |a Engineering physics 
245 0 |c Uma Mukherji 
260 |a Oxford, UK 
260 |b Alpha Science International Ltd. 
260 |c 2007 
650 |a Physics.,Optics.,Mathematical physics,Vật lý học,Quang học,Vật lý toán học 
904 |i MInh 
980 |a Trung tâm Học liệu Trường Đại học Cần Thơ